000 02026nam a2200325 a 4500
001 000030713
003 DO-SdBNP
005 20250707112615.0
006 a||||gr|||| 00| 0
007 ta
008 110526e1966 dr ad 000 e spa d
040 _aDO-SdBNP
_bspa
_cBNPHU
_erda
082 4 _bV422R
_222
100 1 _aVega, Bernardo,
_d1938 -
_93222
_eautor
245 1 3 _aLa República Dominicana ante el proceso de integración económica en Latinoamérica. /
_cBernardo Vega; prólogo, Felipe Herrera, Milton Messina.
264 1 _aSanto Domingo :
_bBanco Central de la República Dominicana,
_c1966
300 _a150 páginas ;
_c22 cm.
336 _2rdacontent
_atexto
_btxt
337 _2rdamedia
_asin mediación
_bn
338 _2rdacarrier
_avolumen
_bnc
500 _aIncluye bibliografía y notas al pie de páginas.
504 _aBibliografía: páginas 140-150
505 _aPrólogo.-- Introducción.
_tCapítulo I - Teoría Económica de la Integración.--
_tCapítulo II - Descripción de la Asociación Latiinoamericana de Libre Comercio y el Mercado Común Cantroamericano.--
_tCapítulo III - La República Dominicana y el Proceso de integración latinoamericano.--
_tCapítulo IV - Ventajas y desventajas de nuestra integración a Centroamérica o ALALC.--
_tCapítulo V - Relaciones económicas con la República de Haití.--
_tCapítulo VI - Relaciones económicas con Puerto Rico y las Antillas Menores.--
_tCapítulo VII - Medidas que deben de adoptarse de inmediato realcionadas con la integración pero independientes de una decisión firme en ese sentido por parte del país.--
_tCapítulo VIII - Proyecto de una planta integrada de alúmina en la República Dominicana.--
_tBibliografía.
590 _aInventariado 2024 / MF
650 4 _a Relaciones económicas internacionales.
_91067
_zRepública Dominicana
650 0 _aEconomia
_985383
700 1 _aHerrera, Felipe,
_d1922-1996
_q(Felipe Herrera Lane)
_932451
_eprólogo
700 1 _aMessina, Milton
_99506
_eprólogo
942 _2ddc
_cLBS1
999 _c30205
_d30205